Marvel Villains Starting with O (by picture) - Statistics

General Stats
  • This quiz has been taken 43 times
  • The average score is 4 of 10
Answer Stats
Picture Answer % Correct
Orka
100%
Onslaught
81%
Omega Red
63%
Owl
53%
Ox
41%
Omega Sentinel
28%
Oddball
25%
Overdrive
25%
Ogress
16%
Orrgo
13%
No matching quizzes found
Score Distribution
Percent of People with Each Score
Percentile by Number Answered
Your Score History
You have not taken this quiz